000 01134nam a2200217Ia 4500
003 Ost
005 20260507075017.0
008 260507s9999||||xx |||||||||||||| ||und||
040 _cfsecg
041 _aara
082 _a370
100 _aرشيد، محمد حسين رشيد
_eمؤلف
245 0 _aالإحصاء في التربية /
_c محمد حسين رشيد رشيد
260 _aعمان:
_bدار صفاء,
_c2002
300 _a328 صفحة؛
_bإيضاحات ؛
_c24 سم
520 _aمقدمة لدراسة الإحصاء في التربية-تمثيل البيانات في جداول توزيع تكراري وتمثيلها بيانيا-مقاييس النزعة المركزية-مقاييس التشتت-الإرتباط والإنحدار-التوزيعات المجتمعية الإحتمالية والتوزيعات العينية-التقدير الإحصائي-تطبيقات البرامج الحاسوبية SPSS
653 _aالإحصاء - المعاملات الإرتباطية
653 _aالتربية
653 _aالتعليم- الطرق الاحصائية
942 _cكتاب
999 _c42226
_d42226